000 00842naa a22002297u 4500
001 17639
003 HDC
007 cr bn ---aaaaa
008 210224t xx 000 0 eng
040 _aHDC
245 0 _aEndowments are a "sleeping giant" that can transform Islamic economy, say experts at 10th World Islamic Economic Forum
260 _a[No place] :
_b[publisher not identified],
_c[no year]
336 _atext
_2rdacontent
337 _acomputer
_2rdamedia
338 _aonline resource
_2rdacarrier
650 _aEconomics
_xReligious aspects
_xIslam
_9440
650 _aIslamic law
_9590
856 _zRequest full-text at [email protected]
942 _2lcc
942 _cEIJ
942 _kEMAG 000617
999 _c14955
_d14955